| 000 | 02242nam a2200325 i 4500 | ||
|---|---|---|---|
| 001 | 165944 | ||
| 003 | ES-MaACL | ||
| 005 | 20250905160834.0 | ||
| 008 | 931025s1793 sp a |||| | spa d | ||
| 040 |
_aCAM _bspa _cPAB |
||
| 130 | 3 |
_aLa Tabla de Cebes. _9135319 |
|
| 245 | 1 | 0 |
_aParafrasis arabe de la Tabla de Cebes / _ctraducida en castellano é ilustrada con notas por D. Pablo Lozano y Casela... |
| 260 |
_aMadrid : _ben la Imprenta Real, siendo su regente D. Lazaro Gayguer ..., _c1793. |
||
| 300 |
_a[6], XL, 219, [31] p., [1] h. de grab. pleg. ; _c4º. |
||
| 505 | 8 | _aContiene: Enigma de Cebes amigo de Platon, p. 1-85 ; Notas filosoficas á la Paráfrasis arabe de la Tabla de Cebes, p. 86-111 ; Version libre castellana de la Parafrasis arabe de la Tabla de Cebes, p. 112-136 ; Notas para la mas facil inteligencia de lo que se contiene en la Tabla de Cebes, p. 137-165 ; Tres centurias de sentencias arabes traducidas por primera vez, p. 167-219, con antep. propia ; Texto arabe de la parafrasis de la Tabla de Cebes sin mociones ni version para exercicio de los principiantes, [31] p., con port. propia (lógicamente se halla en la última h. y el texto termina en la h. 2E2 v.) | |
| 530 | _aDisponible en formato digital. | ||
| 594 | _aTexto paralelo español-árabe y el de la secuencia de [31] p. está solo en árabe. | ||
| 595 | _aExisten ejemplares impresos en formato 4º marquilla, en papel de gran calidad y con amplios márgenes. | ||
| 597 | _aSign. : Sign.: [ ]4-¹, a-e4, A-Z4, 2A-2H4, [ ]²-¹. | ||
| 597 | _aLa h. de lámina es un grabado calcográfico alegórico: "J.L. Enguidanos delt. J.G. Navia sculpt" La port. de "Texto arabe de la parafrasis ..." con esc. calc. real. | ||
| 611 | 2 | 4 |
_aGómez de Navia, José. _d1757-después de 1803) _9224289 |
| 650 | 7 |
_aFilosofía griega _2embne _912849 |
|
| 650 | 4 |
_aÉtica- _vObras anteriores a 1800. _9148528 |
|
| 700 | 0 |
_aLozano y Casela, Pablo. _974473 |
|
| 700 | 1 |
_aLópez Enguidanos, José, _d1760-1812 _9155037 |
|
| 852 |
_aES-MaACL _jR-1354 _z-- Enc. hol. _xOlim: G-14962 |
||
| 856 |
_uhttp://bdh-rd.bne.es/viewer.vm?id=0000045739&page=1 _zBiblioteca Digital Hispánica |
||
| 999 |
_c165944 _d165944 |
||